Flórula de musgos de la sonadora, Calarcá, Quindío (Registro nro. 7538)

Detalles MARC
000 -CABECERA
Campo de control 00651nam a22002057a 4500
005 - FECHA Y HORA DE LA ULTIMA TRANSACCION
Campo de control 20160209172601.0
008 - ELEMENTOS DE LONGITUD FIJA—INFORMACION GENERAL
Campo de control s2010 ck 000 spa d
020 ## - ISBN
ISBN 9789588593166
040 ## - FUENTE DE CATALOGACIÓN
Agencia catalogadora original CO-BoIAVH
Agencia transcriptora CO-BoIAVH
041 ## - IDIOMA
Código de idioma para texto/pista de sonido o título separado Español
044 ## - PAÍS DE PUBLICACIÓN
País de publicación Colombia
082 ## - NUMERO DE CLASIFICACION DECIMAL DEWEY
Número de clasificación 588.0981
Número del ítem C56f
100 1# - ASIENTO PRINCIPAL--NOMBRE PERSONAL
Nombre personal Cifuentes García, Libia Mayerly
9 (RLIN) 1440
245 #0 - MENCION DE TITULO
Título Flórula de musgos de la sonadora, Calarcá, Quindío
260 ## - PUBLICACION, DISTRIBUCION, ETC. (PIE DE IMPRENTA)
Lugar de publicación, distribución, etc. Armenia
Nombre del editor, distribuidor, etc. Universidad del Quindío
Fecha de publicación, distribución, etc. 2010
300 ## - DESCRIPCION FISICA
Extensión 51 p.
Otros detalles físicos il., tablas
Dimensiones 24 cm.
650 ## - ASIENTO SECUNDARIO DE MATERIA - TERMINO TEMATICO
Término temático o nombre geográfico como elemento de entrada Musgos
Subdivisión geográfica Calarcá (Quindío, Colombia)
9 (RLIN) 58375
650 ## - ASIENTO SECUNDARIO DE MATERIA - TERMINO TEMATICO
Término temático o nombre geográfico como elemento de entrada Briófitos
Subdivisión geográfica Calarcá (Quindío, Colombia)
9 (RLIN) 58376
942 ## - ELEMENTOS ADICIONALES (KOHA)
Sistema de clasificación Dewey Decimal Classification
Tipo de ítem Libro
Existencias
Withdrawn status Lost status Sistema de Clasificación Damaged status No para préstamo Colección Inventariado Ubicación Permanente Ubicación actual Fecha de adquisición Fuente de Valor Valor Total Checkouts Número topográfico Inventario / Código de Barras Date last seen Ejemplar Price effective from Forma de adquisición Tipo de material
    Dewey Decimal Classification     General Inventariado 2017 Bogotá Bogotá 12/08/2013 Instituto 39000.00   LB 588.0981 C56f 058322 12/08/2013 Ej. 1 12/08/2013   Libro
    Dewey Decimal Classification     General Inventariado 2017 Sala Fabio Quevedo Sala Fabio Quevedo 09/02/2016 Instituto 39000.00   LB-588.0981 C56f 039799 09/02/2016 Ej. 2 09/02/2016   Libro